Guess Countries based off landmarks - Statistics

General Stats
  • This quiz has been taken 66 times
  • The average score is 23 of 30
Answer Stats
Landmark Country % Correct
Eiffel Tower France
100%
Statue of Liberty United States of America
98%
Pyramids of Giza Egypt
97%
Christ the Redemer Brazil
95%
Mount Fuji Japan
95%
Taj Mahal India
93%
Mount Everest Nepal
91%
Colosseum Italy
90%
Brandenburg Gate Germany
88%
Machu Pichu Peru
86%
Stonehenge United Kingdom
86%
Genghis Khan Statue Mongolia
83%
E.U. Headquarters Belgium
81%
Mount Kilimangaro Tanzania
81%
Forbidden City China
78%
Uluru (Ayer's Rock) Australia
76%
Parthenon Greece
76%
Banff National Park Canada
74%
Angkor Wat Cambodia
72%
Easter Island Statues Chile
72%
Petronas Towers Malaysia
71%
Chichen Itza Mexico
71%
St Basil's Cathedral Russia
71%
Galapagos Islands Ecuador
69%
Matterhorn Switzerland
69%
Angel Falls Venezuela
69%
Timbuktu Mali
62%
Ruins of Carthage Tunisia
60%
Charles Bridge Czech Republic
47%
Mohenjo-Daro Pakistan
26%
No matching quizzes found
Score Distribution
Percent of People with Each Score
Percentile by Number Answered
Your Score History
You have not taken this quiz